000
00324nam a22001337a 4500
008
170320b xxu||||| |||| 00| 0 eng d
020
_a
9780757548963
041
_a
eng
080
_a
616.8
100
_a
7
101
_a
SHM
245
_a
THE POWER WITHIN FROM NEUROSCIENCE TO TRANSFORMATION
_c
DAUGHTERTY, A
942
_2
udc
_c
BK
999
_c
8122
_d
8122